| 000 | 00827nam a2200253 i 4500 | ||
|---|---|---|---|
| 001 | 17709 | ||
| 003 | ES-MaACL | ||
| 005 | 20250513063016.0 | ||
| 007 | t| | ||
| 008 | 010508s1956 ag ||||1| spa d | ||
| 080 | _a821.134.2-22"16" | ||
| 100 | 1 |
_aCalderón de la Barca, Pedro, _d1600-1681 _eaut _9239594 |
|
| 245 | 1 | 3 |
_aLa aurora en Copacabana / _cCalderón de la Barca ; estudio preliminar de Ricardo Rojas ; edición anotada por Antonio Pagés Larraya. |
| 260 |
_aBuenos Aires : _bHachette, _c[1956] |
||
| 300 |
_a222 p. ; _c21 cm. |
||
| 490 | 1 | _aEl pasado argentino | |
| 650 | 1 | 4 |
_a _9239518 |
| 700 | 1 |
_aRojas, Ricardo. _999058 |
|
| 700 | 1 |
_aPagés Larraya, Antonio. _988288 |
|
| 830 | 0 |
_aEl pasado argentino _9228734 |
|
| 852 |
_aES-MaACL _jA-277 _bR.130029 |
||
| 942 | _2udc | ||
| 999 |
_c17709 _d17709 |
||